Städte in Bayern - Karten-Quiz - Statistiken

Allgemein
  • Dieses Quiz wurde 78 mal gespielt
  • Das Durchschnittsergebnis liegt bei 13 aus 20
Antworten auf der Karte
Die Antworten werden auf der Karte rot bzw. grün angezeigt, abhängig davon wie oft sie richtig erraten wurden.
 
Antwortstatistiken
Antwort % Korrekt
München
90%
Passau
89%
Garmisch-Partenkirchen
77%
Aschaffenburg
76%
Augsburg
76%
Nürnberg
76%
Würzburg
76%
Ingolstadt
73%
Memmingen
73%
Hof
68%
Regensburg
68%
Rosenheim
68%
Kempten
61%
Rothenburg ob der Tauber
60%
Bamberg
58%
Landshut
58%
Bayreuth
55%
Schweinfurt
53%
Amberg
45%
Straubing
40%
Keine übereinstimmenden Quizze gefunden
Verteilung der Resultate
Anzahl Personen mit jedem Resultat
Perzentil nach korrekt beantworteten Fragen
Ihre Resultats-Entwicklung
Sie haben dieses Quiz noch nicht gespielt